Rheological behavior and processability of polypropylene blends with rubber ethylene propylene diene terpolymer (Record no. 67046)

MARC details
000 -LEADER
fixed length control field 00512nam a2200169Ia 4500
100 ## - MAIN ENTRY--AUTHOR NAME
Personal name Lopez Manchado M A
245 #0 - TITLE STATEMENT
Title Rheological behavior and processability of polypropylene blends with rubber ethylene propylene diene terpolymer
260 ## - PUBLICATION, DISTRIBUTION, ETC. (IMPRINT)
Name of publisher Journal of Applied Polymer Science
Year of publication 2001
300 ## - PHYSICAL DESCRIPTION
Number of Pages 10-Jan
500 ## - GENERAL NOTE
General note Source Year: 2001
650 ## - SUBJECT ADDED ENTRY--TOPICAL TERM
Topical Term Rheology
700 ## - ADDED ENTRY--PERSONAL NAME
Personal name Biagiotti J
700 ## - ADDED ENTRY--PERSONAL NAME
Personal name Kenny J M
856 ## - ELECTRONIC LOCATION AND ACCESS
Uniform Resource Identifier RAPRA. 38(9)
942 ## - ADDED ENTRY ELEMENTS (KOHA)
Koha item type Journals
Holdings
Withdrawn status Lost status Damaged status Not for loan Home library Current library Shelving location Date acquired Serial Enumeration / chronology Koha item type
      Journals RRII Library RRII Library Rubber chemistry 27/11/2001 Volume 81, Issue 1 Journals